Lyrics from the Hercules song I Won't Say I'm In Love - Statistics

General Stats
  • This quiz has been taken 298 times
  • The average score is 178 of 221
Answer Stats
Answer % Correct
I
100%
who
100%
won
100%
a
99%
it
98%
it.
98%
It
98%
No
98%
no
98%
no,
98%
no.
98%
I'm
97%
in
97%
in,
97%
love.
97%
say
97%
the
97%
won't
97%
you.
95%
you
95%
You
95%
that.
94%
that!
94%
that
94%
be
93%
is
93%
there,
93%
way,
93%
way
93%
for
92%
to
92%
your
92%
been
91%
If
91%
already
90%
done
90%
man
90%
rotten
90%
there's
90%
worth
90%
you're
90%
You're
90%
chance,
88%
I've
88%
judgement.
88%
think
88%
guess
87%
He's
87%
history,
87%
It's
87%
its
87%
it's
87%
ancient
86%
and
86%
deny
86%
out.
86%
out
86%
prize
86%
heaven
85%
Oh.
85%
Oh,
85%
aggravation.
84%
kidding?
84%
That's
84%
can
82%
earth
82%
get
82%
Get
82%
Girl
81%
girl.
81%
Try
81%
we
81%
We
81%
my
80%
My
80%
heart
79%
see
79%
cliche.
78%
keep
78%
of.
77%
hon
76%
too
76%
cry
75%
hidden.
75%
swoon,
75%
when
75%
why
75%
feel
74%
Honey,
74%
sigh,
74%
grip
72%
head
71%
so
70%
Unless
70%
Who'd'ya
70%
loud.
69%
right
69%
had
68%
screaming
68%
through
68%
dying
66%
good
66%
start
66%
know
65%
lesson.
65%
thought
65%
feels
64%
learned
64%
got,
63%
got
63%
off
62%
bad.
59%
on
59%
thinking
59%
how
58%
atleast
55%
don't
55%
can't
54%
case,
54%
up,
53%
Baby
52%
feeling.
52%
not
52%
check
51%
denying,
49%
Give
48%
give
48%
okay
48%
uh-oh.
47%
we're
46%
base,
45%
Face
45%
like
43%
buying,
42%
proud,
41%
grin
40%
hit
38%
grown-up,
37%
saw
37%
ceiling.
36%
conceal
36%
ya
31%
our
25%
read
25%
lips,
23%
doing
20%
flips,
15%
No matching quizzes found
Score Distribution
Percent of People with Each Score
Percentile by Number Answered
Your Score History
You have not taken this quiz